banner-ar

TECHNIQUES OF THE IMPRESSIONISTS / (Record no. 25689)

MARC details
000 -الفاتح
حقل البيانات ثابتة الطول 00460nam a2200169Ia 4500
008 - عناصر البيانات ثابتة الطول - معلومات عامة
حقل البيانات ثابتة الطول 140319s9999 xx 000 0 eng d
040 ## - مصدر الفهرسة
وكالة الفهرسة الأصلية GCL /
وكالة النسخ GCL
082 04 - رقم تصنيف ديوى العشرى
رقم التصنيف 759.054
رقم المادة C T
100 1# - المدخل الرئيسى - إسم شخصى
الإسم الشخصى CALLEN, ANTHEA
245 10 - بيان العنوان
العنوان TECHNIQUES OF THE IMPRESSIONISTS /
بيان المسئوليه,etc CALLEN, ANTHEA
260 ## - PUBLICATION, DISTRIBUTION, ETC. (IMPRINT)
تاريخ النشر أو التوزيع 1990
300 ## - الوصف المادى
التعداد 192 P
650 04 - المدخل الاضافى بالموضوع-مصطلح موضوعى
مصطلح موضوعي IMPRESSIONISTS
650 04 - المدخل الاضافى بالموضوع-مصطلح موضوعى
مصطلح موضوعي IMPRESSIONSTS TECHNIQUES
942 ## - عناصر المدخل الإضافي( كوها)
مصدر التصنيف او مخطط الترفيف Dewey Decimal Classification
Koha [default] item type كتاب
260 ## - PUBLICATION, DISTRIBUTION, ETC. (IMPRINT)
-- [S.N] :
-- TIGER BOOKS INTERNATIONAL ،
Holdings
حالة التراجع حالة الفقد حالة تلف ليس للاعارة المكان المؤقت الموقع الحالى تاريخ الاكتساب اجمالي اﻻعارات رقم الطلب الباركود تاريخ اخر مشاهدة تاريخ تفعيل السعر نوع وعاء كوها
        مكتبة القاهرة الكبرى مكتبة القاهرة الكبرى 03/26/2014   759.054\C T 45186 03/26/2014 03/26/2014 كتاب

Powered By

EGPV